| 000 | 00445nam a22001577a 4500 | ||
|---|---|---|---|
| 003 | OSt | ||
| 005 | 20221013152647.0 | ||
| 008 | 221013b |||||||| |||| 00| 0 eng d | ||
| 040 | _cBiblioteca Lado V | ||
| 082 |
_a708 _bF634m |
||
| 100 |
_9169 _aFlores de Escalante, Aida _ecoordinadora |
||
| 245 | _aMuseo Forma/ | ||
| 260 |
_aEl Salvador _bMuseo Forma _c1984 |
||
| 300 |
_a223p. _c28x30cm |
||
| 942 |
_2ddc _c1 _h708 _iF634m _n0 |
||
| 999 |
_c2297 _d2297 |
||